Billboard Hot 100 Songs as of August of 2022 - Statistics

General Stats
  • This quiz has been taken 47 times
  • The average score is 20 of 100
Answer Stats
Artist Song Title % Correct
Lizzo About Damn Time
86%
Harry Styles As It Was
84%
The Kid LAROI & Justin Bieber Stay
78%
Jack Harlow First Class
76%
Glass Animals Heat Waves
73%
Steve Lacy Bad Habit
70%
Imagine Dragons X JID Enemy
57%
Dove Cameron Boyfriend
54%
Doja Cat Woman
54%
OneRepublic I Ain't Worried
51%
Kate Bush Running Up That Hill (A Deal With God)
51%
Beyonce Break My Soul
46%
Post Malone ft Doja Cat I Like You (A Happier Song)
46%
Harry Styles Late Night Talking
46%
Ed Sheeran Shivers
46%
Latto Big Energy
41%
Justin Bieber Ghost
41%
Charlie Puth ft Jung Kook Left And Right
41%
Megan Thee Stallion & Dua Lipa Sweetest Pie
41%
Doja Cat Vegas
41%
Ed Sheeran ft Lil Baby 2step
38%
Marshmello & Khalid Numb
38%
Em Beihold Numb Little Bug
35%
Nicky Youre & dazy Sunroof
35%
Lil Nas X Thats What I Want
32%
Sia Unstoppable
30%
Future ft Drake & Tems Wait For U
30%
Joji Glimpse Of Us
27%
The Kid LAROI Thousand Miles
27%
Morgan Wallen Wasted On You
27%
Doja Cat Get Into It (Yuh)
24%
Stephen Sanchez Until I Found You
24%
Imagine Dragons Bones
19%
Elton John & Dua Lipa Cold Heart (PNAU Remix)
19%
Drake ft 21 Savage Jimmy Cooks
19%
Post Malone ft Roddy Ricch Cooped Up
16%
Halsey So Good
16%
Morgan Wallen You Proof
16%
Drake Massive
14%
Bad Bunny Moscow Mule
14%
Zach Bryan Something In The Orange
14%
Drake Sticky
14%
Kodak Black Super Gremlin
14%
Parmalee Take My Name
14%
Bad Bunny Titi Me Pregunto
14%
Pharrell Williams ft 21 Savage & Tyler, The Creator Cash In Cash Out
11%
Tems Free Mind
11%
Cardi B, Ye & Lil Durk Hot Shit
11%
Bad Bunny & Chencho Corleone Me Porto Bonito
11%
Kendrick Lamar & Kodak Black Silent Hill
11%
Luke Combs The Kind Of Love We Make
11%
Billie Eilish TV
11%
Yung Gravy Betty (Get Money)
8%
Bailey Zimmerman Fall In Love
8%
Burna Boy Last Last
8%
Sam Smith Love Me More
8%
Megan Thee Stallion ft Future Pressurelicious
8%
Bailey Zimmerman Rock And A Hard Place
8%
Shakira & Rauw Alejandro Te Felicito
8%
Tyler Hubbard 5 Foot 9
5%
Russ & Ed Sheeran Are You Entertained
5%
Chris Young with Mitchell Tenpenny At The End Of A Bar
5%
Quavo & Takeoff Hotel Lobby (Unc And Phew)
5%
Lil Baby In A Minute
5%
Jon Pardi Last Night Lonely
5%
Megan Thee Stallion Plan B
5%
Karol G Provenza
5%
Future Puffin On Zootiez
5%
Cole Swindell She Had Me At Heads Carolina
5%
Russell Dickerson & Jake Scott She Likes It
5%
Bad Bunny & Jhay Cortez Tarot
5%
Morgan Wallen Thought You Should Know
5%
Jake Owen Best Thing Since Backroads
3%
Scotty McCreery Damn Strait
3%
Bad Bunny Despues de La Playa
3%
Bad Bunny Efecto
3%
Hitkidd & Glorilla F.N.F. (Let's Go)
3%
Carrie Underwood Ghost Story
3%
Bad Bunny & Tony Dize La Corriente
3%
Kane Brown Like I Love Country Music
3%
Mac Miller Love Lost
3%
Dylan Scott New Truck
3%
Bad Bunny & Bomba Estereo Ojitos Lindos
3%
Bad Bunny & Rauw Alejandro Party
3%
John Rich Progress
3%
Moneybagg Yo See Wat I'm Sayin
3%
SleazyWorld Go ft Lil Baby Sleazy Flow
3%
Jelly Roll Son Of A Sinner
3%
Billie Eilish The 30th
3%
Jason Aldean Trouble With Heartbreak
3%
Mitchell Tenpenny Truth About You
3%
Bad Bunny Un Ratito
3%
YoungBoy Never Broke Again Vette Motors
3%
Lil Durk ft Gunna What Happened To Virgil
3%
Nate Smith Whiskey On You
3%
Corey Kent Wild As Her
3%
Ingrid Andress with Sam Hunt Wishful Drinking
3%
Justin Moore With A Woman You Love
3%
Bizarrap & Quevado Brzp Music Sessions, Vol. 52
0%
Lil Baby Right On
0%
No matching quizzes found
Score Distribution
Percent of People with Each Score
Percentile by Number Answered
Your Score History
You have not taken this quiz